Countries Ending in 'R' Quiz Stats

 Plays Quiz Updated Mar 6, 2012

Challenge
Share
Tweet
Embed
Score 0/6 Timer 02:00
10 Plays Today
Country % Correct
Niger
61.8%
Qatar
57.1%
Myanmar
51.6%
Ecuador
47.9%
Madagascar
47.8%
El Salvador
37.5%

You're not logged in!

Compare scores with friends on all Sporcle quizzes.
Join for Free
OR
Log In

You Might Also Like...

Show Comments

Extras

Top Quizzes Today


Score Distribution

Your Account Isn't Verified!

In order to create a playlist on Sporcle, you need to verify the email address you used during registration. Go to your Sporcle Settings to finish the process.

Report this User

Report this user for behavior that violates our Community Guidelines.

Details: